| 000 | 00726nam a2200217 4500 | ||
|---|---|---|---|
| 003 | OSt | ||
| 005 | 20240722060920.0 | ||
| 006 | a | ||
| 008 | 240722b |||||||| |||| 00| 0 eng d | ||
| 020 | _a9780470037782 | ||
| 040 |
_aDWCL-Main lib. _cOC |
||
| 082 | _aCirc. 624.1821 G147s 2008 | ||
| 100 | _aGalambos, Theodore V. | ||
| 245 | _aStructural stability of steel: concepts and applications for structural engineers / | ||
| 260 |
_aN.J. : _bJohn Wiley & Sons, Inc., _cc2008. |
||
| 300 |
_ax, _b373 p. : ill.; _c24 cm. |
||
| 504 | _aIncludes bibliographical references & index. | ||
| 650 | _a1. Building, Iron and Steel. Congresses. | ||
| 650 | _a2. Structural stability - Congresses. | ||
| 942 |
_2ddc _n0 _cBK-CIRC _kCirc. |
||
| 999 |
_c2522 _d2522 |
||